002740000a220007300045001000019000002450113000193000052001327730016001841 aLee, Dwight R.10aConfession of a compliant taxpayer : The curtail fiscal folly, reduce the money pouring into federal coffers aVol. 47, Num 3 (Marzo, 1997), Páginas 144-1450 tThe Freeman